| LEADER 00000nam 2200000uu 4500 |
| 001 13399112851 |
| 003 ULIBM |
| 008 251016s||||||||th 000 0 tha d |
| 020 ^a9781119810637 |
| 082 0 ^a658.4092^bEI52L |
| 100 0 ^aClive Elwood. |
| 245 01 ^aLeadership in Veterinary Medicine /^cClive Elwood. |
| 260 ^aHoboken :^bWiley-Blackwell ,^c2023. |
| 300 ^a272 page :^c25 cm. |
| 650 0 ^aExecutive leadership |
| 999 ^aนิสิตสารสนเทศศาสตร์68 นารากรณ์ ไฝทาคำ |
| คุณยังไม่ได้ล็อกอิน คุณสามารถมีกิจกรรมร่วมกับเว็บไซต์ได้ แต่ต้องล็อกอินก่อน :: |
|
| ไม่มีไอเทมให้บริการ |
| ไม่มีไอเทมให้บริการ |
mysqli: Can't create/write to file '/tmp/#sql_4a2_0.MYI' (Errcode: 28)
select * from index_db where titl like '%Leadership in Veterinary Medicine / Clive Elwood.%' and mid<>'13399112851' order by rand() limit 3
mysqli: Can't create/write to file '/tmp/#sql_4a2_0.MYI' (Errcode: 28)
select * from index_db where auth like '%Clive Elwood.%' and mid<>'13399112851' order by rand() limit 3
mysqli: Can't create/write to file '/tmp/#sql_4a2_0.MYI' (Errcode: 28)
select * from index_db where subj like '%Executive leadership%' and mid<>'13399112851' order by rand() limit 3
|
ยังไม่เคยถูกคอมเมนท์
|
| คอมเมนท์ทรัพยากรรายการนี้ |
|